000 00449nam a2200181 a 4500
001 1763961452361
003 YourLibrary
005 20251124104852.0
008 251124s2009##################000#0#eng##
020 _a9788184892468
082 0 4 _a616.02774
_bBOS
100 1 _aThomas,
_eauthor.
245 1 0 _aStem Cells: From Hydra To Man :
260 _c2009.
300 _a204 pages
942 _cENGLISH
040 _aYourLibrary
_beng
_cYourLibrary
999 _c598524
_d598524